Statistics for Most Dangerous Cities in Europe

Click here to take the quiz!

General Stats

  • This quiz has been taken 101 times
  • The average score is 13 of 20

Answer Stats

Crime RateCountryAnswer% Correct
62.65ItalyNaples
98%
57.06FranceParis
97%
53.91United KingdomLondon
92%
54.48BelgiumBrussels
91%
64.44FranceMarseille
91%
63.12United KingdomBirmingham
88%
54.86United KingdomManchester
84%
53.94FranceLyon
80%
55.66GreeceAthens
76%
56.23SwedenMalmo
74%
55.25FranceNice
67%
58.44FranceNantes
47%
59.41BelgiumLiege
45%
53.62UkraineOdessa
44%
62.83BelgiumCharleroi
39%
61.57FranceMontpellier
38%
54.13UkraineDnipro
36%
64.58ItalyCatania
34%
58.67FranceGrenoble
20%
63.11United KingdomCoventry
17%

Score Distribution

Percentile by Number Answered

Percent of People with Each Score

Your Score History

You have not taken this quiz